Inženýrské sítě

Guardado en:
Detalles Bibliográficos
Autores principales: Šerek, Milan (Autor), Lhotáková, Zdeňka (Autor)
Formato: Libro
Lenguaje:checo
Publicado: Brno : Vysoké učení technické v Brně, 1985
Etiquetas: Agregar Etiqueta
Sin Etiquetas, Sea el primero en etiquetar este registro!

MARC

LEADER 00000nam a22000003a 4500
001 stu88697
005 20150617225628.5
008 040713s1985----cs------------------cze-d
040 |a STU  |b slo 
041 0 |a cze 
044 |a cs 
080 |a 625.78(075.8)  |7 A000061964 
080 |a 628.15(075.8) 
080 |a 628.2(075.8) 
100 1 |a Šerek, Milan  |4 aut 
245 1 |a Inženýrské sítě 
260 |a Brno :  |b Vysoké učení technické v Brně,  |c 1985 
300 |a 186 s.;obr 
700 1 |a Lhotáková, Zdeňka  |4 aut 
996 |b 284V029529  |c V*25646/S-87  |l VVT  |s A  |a 24  |w stu88697_0001